000 00218nam a22000857a 4500
008 161024b xxu||||| |||| 00| 0 eng d
100 _9948
_aKoshy.Z.S.
245 _aComputer Made Friendly
260 _aNew Delhi
_bCordona
_c2010
999 _c3603
_d3603